[Event "Ekaterinburg Scerbin Memorial"]
[Site "Ekaterinburg"]
[Date "2021.12.18"]
[Round "5"]
[White "Fokin, Sergey"]
[Black "Denisov, Ivan"]
[Result "0-1"]
[WhiteElo "2174"]
[BlackElo "2400"]
[PlyCount "80"]
[EventDate "2021.12.18"]
[EventType "swiss (rapid)"]
[EventRounds "9"]
[EventCountry "RUS"]
[SourceTitle "CBM 205 Extra"]
[Source "ChessBase"]
[SourceDate "2022.01.31"]
[SourceVersion "1"]
[SourceVersionDate "2022.01.31"]
[SourceQuality "1"]

1. d4 Nf6 2. Nf3 e6 3. c4 b6 4. a3 Bb7 5. Nc3 d5 6. e3 Be7 7. b4 a5 8. b5 0-0 9. Be2 c5 10. bxc6 Nxc6 11. 0-0 Ba6 12. cxd5 Nxd5 13. Nxd5 Qxd5 14. Bxa6 Rxa6 15. Qd3 b5 16. e4 Qc4 17. Qxc4 bxc4 18. d5 exd5 19. exd5 Bf6 20. Ra2 Ne7 21. Rd1 Rd6 22. Rc2 Rc8 23. Bg5 Bxg5 24. Nxg5 Rxd5 25. Rxd5 Nxd5 26. Ne4 Kf8 27. Kf1 Ke7 28. g3 Ke6 29. Ke2 Ke5 30. Nd2 Nb6 31. Ke3 Kd5 32. Nb1 Na4 33. Nd2 f5 34. f4 Re8+ 35. Kf2 Rc8 36. Nf3 c3 37. Ne5 Ke4 38. Re2+ Kd5 39. Rc2 Rb8 40. Ke3 Rb3 0-1

[Event "Eurasia Cup op"]
[Site "Ekaterinburg"]
[Date "2019.08.08"]
[Round "8"]
[White "Kopylov, Alexander A"]
[Black "Fokin, Sergey"]
[Result "1-0"]
[WhiteElo "2410"]
[BlackElo "2189"]
[PlyCount "64"]
[EventDate "2019.07.31"]
[EventType "swiss"]
[EventRounds "9"]
[EventCountry "RUS"]
[SourceTitle "CBM 191 Extra"]
[Source "ChessBase"]
[SourceDate "2019.09.30"]
[SourceVersion "1"]
[SourceVersionDate "2019.09.30"]
[SourceQuality "1"]

1. d4 Nf6 2. g3 d5 3. c4 c6 4. Nf3 g6 5. Qa4 dxc4 6. Qxc4 Bg7 7. Bg2 0-0 8. 0-0 Bf5 9. e3 Nbd7 10. Nc3 Ne4 11. Nh4 Nd6 12. Qe2 e5 13. dxe5 Nxe5 14. Nxf5 Nxf5 15. Rd1 Qe7 16. e4 Nh6 17. h3 Rfd8 18. Be3 Nd7 19. f4 Nb6 20. g4 f6 21. a4 Rxd1+ 22. Rxd1 Qe6 23. Bf1 Nf7 24. a5 Nc8 25. Qc4 Qe8 26. b4 Bf8 27. e5 fxe5 28. Ne4 Kh8 29. Nf6 Qe7 30. Rd7 Qxf6 31. Rxf7 Qd8 32. fxe5 Bg7 1-0

[Event "Eurasia Cup op"]
[Site "Ekaterinburg"]
[Date "2019.08.07"]
[Round "7"]
[White "Fokin, Sergey"]
[Black "Kozlov, Denis1111"]
[Result "1-0"]
[WhiteElo "2189"]
[BlackElo "2113"]
[PlyCount "53"]
[EventDate "2019.07.31"]
[EventType "swiss"]
[EventRounds "9"]
[EventCountry "RUS"]
[SourceTitle "CBM 191 Extra"]
[Source "ChessBase"]
[SourceDate "2019.09.30"]
[SourceVersion "1"]
[SourceVersionDate "2019.09.30"]
[SourceQuality "1"]

1. c4 e5 2. Nc3 Bb4 3. Qc2 Nf6 4. a3 Bxc3 5. Qxc3 Nc6 6. e3 0-0 7. Nf3 Re8 8. d3 a5 9. b3 d5 10. cxd5 Nxd5 11. Qc2 a4 12. b4 Nd4 13. exd4 exd4+ 14. Be2 Nc3 15. Be3 Nxe2 16. Qxe2 Bg4 17. 0-0 dxe3 18. fxe3 Ra6 19. Rac1 Rae6 20. e4 c6 21. Qe3 Bxf3 22. Rxf3 R6e7 23. Qa7 b5 24. Qe3 Rd7 25. Rc3 f6 26. h3 Qe7 27. Rf5 1-0

[Event "RUS-chT Seniors final"]
[Site "Sochi"]
[Date "2015.05.03"]
[Round "3.2"]
[White "Dragomarezkij, Evgeni"]
[Black "Fokin, Sergey"]
[Result "1-0"]
[WhiteElo "2393"]
[BlackElo "2163"]
[PlyCount "99"]
[EventDate "2015.05.01"]
[EventType "team-tourn"]
[EventRounds "5"]
[EventCountry "RUS"]
[SourceTitle "EXT 2018"]
[Source "ChessBase"]
[SourceDate "2017.10.13"]
[SourceVersion "1"]
[SourceVersionDate "2017.10.13"]
[SourceQuality "1"]

1. Nf3 c5 2. c4 Nf6 3. Nc3 e6 4. g3 b6 5. Bg2 Bb7 6. 0-0 Be7 7. d4 cxd4 8. Qxd4 0-0 9. Rd1 Nc6 10. Qf4 Qb8 11. b3 Rd8 12. Qxb8 Raxb8 13. Bf4 d6 14. Ng5 a6 15. Nge4 Ne8 16. g4 h6 17. h3 Ba8 18. Bg3 Ne5 19. Rac1 g6 20. c5 bxc5 21. Nxc5 Bxg2 22. Kxg2 Ra8 23. N3a4 Ra7 24. Ne4 f6 25. f4 Nd7 26. f5 Nf8 27. fxe6 Nxe6 28. Rc6 f5 29. gxf5 gxf5 30. Nec3 Bf8 31. Nd5 Rg7 32. Kh2 Ra8 33. Nab6 Raa7 34. Nc4 Rg6 35. Nce3 Rf7 36. Nf4 Rxg3 37. Kxg3 Rg7+ 38. Kf3 Ng5+ 39. Kf2 Ne4+ 40. Kf1 Rg3 41. Nxf5 Rg5 42. Nd4 Ng3+ 43. Ke1 Ne4 44. Nf3 Ra5 45. a4 N8f6 46. Rc8 Kf7 47. Rc7+ Be7 48. e3 Ke8 49. Rdc1 Rf5 50. Ra7 1-0

[Event "Gibraltar Masters 8th"]
[Site "Caleta"]
[Date "2010.02.03"]
[Round "9"]
[White "Karavade, Eesha"]
[Black "Fokin, Sergey"]
[Result "1/2-1/2"]
[WhiteElo "2405"]
[BlackElo "2109"]
[PlyCount "75"]
[EventDate "2010.01.26"]
[EventType "swiss"]
[EventRounds "10"]
[EventCountry "GGB"]
[SourceTitle "CBM 134 Extra"]
[Source "ChessBase"]
[SourceDate "2010.03.03"]
[SourceVersion "1"]
[SourceVersionDate "2010.03.03"]
[SourceQuality "1"]

1. Nf3 Nf6 2. c4 e6 3. g3 d5 4. Bg2 c6 5. Qc2 Be7 6. 0-0 b6 7. d4 Nbd7 8. Nbd2 Ba6 9. b3 b5 10. a4 bxc4 11. bxc4 0-0 12. Re1 c5 13. Ba3 Rc8 14. cxd5 Nxd5 15. Ne5 Nxe5 16. dxe5 Nb4 17. Qc3 Qc7 18. Nc4 Nd5 19. Qc2 Bxc4 20. Qxc4 Qxe5 21. Rac1 Rfd8 22. h4 Ne3 23. Qe4 Qxe4 24. Bxe4 Nd5 25. Rcd1 Kf8 26. Bd3 Nb4 27. Bc4 a5 28. Bb2 Bf6 29. Ba3 Ke7 30. e3 Rxd1 31. Rxd1 Rd8 32. Rxd8 Kxd8 33. Bxb4 cxb4 34. h5 Ke7 35. Kg2 Bc3 36. g4 g6 37. hxg6 hxg6 38. g5 1/2-1/2

[Event "Gibraltar Challengers-B 8th"]
[Site "Caleta"]
[Date "2010.01.31"]
[Round "1"]
[White "Fokin, Sergey"]
[Black "Tjoelsen, Katrine"]
[Result "1-0"]
[WhiteElo "2109"]
[BlackElo "2212"]
[PlyCount "85"]
[EventDate "2010.01.31"]
[EventType "swiss"]
[EventRounds "5"]
[EventCountry "GGB"]
[SourceTitle "EXT 2011"]
[Source "ChessBase"]
[SourceDate "2010.11.26"]
[SourceVersion "1"]
[SourceVersionDate "2010.11.26"]
[SourceQuality "1"]

1. d4 f5 2. g3 Nf6 3. Bg2 e6 4. Nf3 d5 5. 0-0 Bd6 6. c4 c6 7. b3 Qe7 8. a4 a5 9. Ba3 Bxa3 10. Nxa3 0-0 11. Ne5 Na6 12. Nc2 Nd7 13. Nd3 dxc4 14. bxc4 e5 15. e3 Rd8 16. Qd2 Nc7 17. Qc3 e4 18. Nf4 Nf6 19. Rab1 Nce8 20. Rb2 Qf7 21. Rfb1 Ra7 22. Na3 g5 23. Ne2 Be6 24. d5 Bc8 25. Nd4 c5 26. Nb3 b6 27. Nd2 Nd7 28. Nb5 Ra8 29. f3 exf3 30. Nxf3 h6 31. Ne5 Nxe5 32. Qxe5 Rd7 33. Rf2 Re7 34. Qc3 Bb7 35. Rbf1 Qg7 36. Qd2 Rd8 37. Rxf5 Ba6 38. d6 Bc8 39. Bd5+ Re6 40. Qf2 Nxd6 41. Nxd6 Rdxd6 42. Rf8+ Kh7 43. Rxc8 1-0

[Event "Gibraltar Challengers-A 8th"]
[Site "Caleta"]
[Date "2010.01.29"]
[Round "4"]
[White "Fokin, Sergey"]
[Black "Kvisla, Johannes Luangtep"]
[Result "1/2-1/2"]
[WhiteElo "2109"]
[BlackElo "2161"]
[PlyCount "262"]
[EventDate "2010.01.26"]
[EventType "swiss"]
[EventRounds "5"]
[EventCountry "GGB"]
[SourceTitle "CBM 134 Extra"]
[Source "ChessBase"]
[SourceDate "2010.03.03"]
[SourceVersion "1"]
[SourceVersionDate "2010.03.03"]
[SourceQuality "1"]

1. Nf3 Nf6 2. c4 e6 3. g3 d5 4. Bg2 dxc4 5. Qa4+ Nbd7 6. Qxc4 c5 7. 0-0 a6 8. Qc2 b5 9. b3 Bb7 10. Bb2 Be7 11. d3 0-0 12. Nbd2 Rc8 13. Rac1 Qb6 14. Qb1 Rfd8 15. Qa1 Nb8 16. d4 Ne8 17. a3 Nc6 18. dxc5 Bxc5 19. b4 Be7 20. Nb3 a5 21. Nxa5 Nxa5 22. bxa5 Qxa5 23. Rxc8 Rxc8 24. Rc1 Ra8 25. Qb1 Bd5 26. Nd4 Bxg2 27. Kxg2 Bxa3 28. Bxa3 Qxa3 29. Nxb5 Qe7 30. Qe4 Rb8 31. Nd4 Qa3 32. Rb1 Rxb1 33. Qxb1 Qa8+ 34. f3 h6 35. e4 Nf6 36. Qc2 Qa1 37. Qd2 Qa4 38. Ne2 Nd7 39. Nc3 Qc6 40. Qd4 Nb6 41. e5 Nc4 42. Kf2 Nb6 43. Qd8+ Kh7 44. Qd3+ g6 45. Qd4 Qc7 46. h4 h5 47. Ne4 Nd5 48. Nf6+ Nxf6 49. exf6 Qc2+ 50. Ke3 Qc1+ 51. Kf2 Qc2+ 52. Ke3 Qf5 53. Qd8 g5 54. hxg5 Qxg5+ 55. Kf2 h4 56. gxh4 Qxh4+ 57. Kg2 Qg5+ 58. Kf2 Qf5 59. Ke3 Kg6 60. f4 Qh3+ 61. Kf2 Kf5 62. Qa5+ Kxf4 63. Qc7+ Kf5 64. Qxf7 Qh2+ 65. Kf3 Qf4+ 66. Ke2 Qe4+ 67. Kf2 Qc2+ 68. Ke3 Qc3+ 69. Ke2 Qxf6 70. Qh5+ Kf4 71. Qf3+ Kg5 72. Qg3+ Kh6 73. Qh3+ Kg6 74. Qg4+ Kf7 75. Qh5+ Ke7 76. Qc5+ Ke8 77. Qc6+ Kf8 78. Qa8+ Kf7 79. Qb7+ Kg6 80. Qa7 Qb2+ 81. Ke1 Qb1+ 82. Ke2 Qc2+ 83. Ke1 Qe4+ 84. Kd2 Kf6 85. Qa1+ Kf5 86. Qa6 Qd4+ 87. Ke2 Qb2+ 88. Ke1 Qc3+ 89. Ke2 e5 90. Qa2 Qc7 91. Qg8 Qc2+ 92. Ke1 Qe4+ 93. Kf2 Qf4+ 94. Ke2 Qc4+ 95. Kf2 Qc2+ 96. Ke3 Qc5+ 97. Ke2 Qe7 98. Qc8+ Kf4 99. Qc1+ Kg4 100. Qg1+ Kf5 101. Qf1+ Ke6 102. Qh3+ Kd5 103. Qb3+ Kc6 104. Qc4+ Kd7 105. Qd5+ Ke8 106. Qg8+ Kd7 107. Qd5+ Kc7 108. Qc4+ Kb6 109. Qb3+ Ka5 110. Qa2+ Kb4 111. Qb2+ Kc4 112. Qc2+ Kd5 113. Qb3+ Kd6 114. Qb4+ Ke6 115. Qxe7+ Kxe7 116. Ke3 Kd6 117. Ke4 Ke6 118. Ke3 Kd5 119. Kd3 e4+ 120. Ke3 Ke5 121. Ke2 Kf4 122. Kf2 e3+ 123. Ke2 Ke4 124. Ke1 Kd4 125. Ke2 Ke4 126. Ke1 Kf3 127. Kf1 Ke4 128. Ke2 Kd4 129. Ke1 Kd3 130. Kd1 e2+ 131. Ke1 Ke3 1/2-1/2

[Event "Gibraltar Masters 8th"]
[Site "Caleta"]
[Date "2010.01.27"]
[Round "2"]
[White "Benitah, Yohan"]
[Black "Fokin, Sergey"]
[Result "1/2-1/2"]
[WhiteElo "2390"]
[BlackElo "2109"]
[PlyCount "135"]
[EventDate "2010.01.26"]
[EventType "swiss"]
[EventRounds "10"]
[EventCountry "GGB"]
[SourceTitle "CBM 134 Extra"]
[Source "ChessBase"]
[SourceDate "2010.03.03"]
[SourceVersion "1"]
[SourceVersionDate "2010.03.03"]
[SourceQuality "1"]

1. d4 e6 2. c4 Bb4+ 3. Nc3 f5 4. Qc2 Nf6 5. e3 b6 6. Bd3 Bb7 7. f3 Nh5 8. Nge2 Qh4+ 9. g3 Bxc3+ 10. bxc3 Qe7 11. 0-0 Nc6 12. c5 Nf6 13. Ba3 Nd5 14. Qc1 Qg5 15. e4 Qe3+ 16. Qxe3 Nxe3 17. Rf2 Na5 18. Bc1 fxe4 19. fxe4 Nec4 20. Rb1 0-0-0 21. cxb6 axb6 22. Bg5 Rdf8 23. Rbf1 Rxf2 24. Rxf2 Nd6 25. e5 Ne4 26. Bxe4 Bxe4 27. Rf7 Rg8 28. g4 Nc6 29. h4 h6 30. Bc1 Kd8 31. Ng3 Bg6 32. Rf2 Ke8 33. g5 hxg5 34. Bxg5 Rf8 35. Ne2 Rxf2 36. Kxf2 Bb1 37. a3 Na5 38. Ng3 Nc4 39. Nh5 Kf7 40. Bc1 b5 41. Nf4 d6 42. exd6 cxd6 43. Ng2 Bd3 44. Ne3 Nb6 45. Ng2 Bc4 46. Ne3 Bd5 47. Kg3 Bb3 48. Kg4 Nd7 49. Kf4 Nf6 50. Bd2 Kg6 51. Be1 Kh5 52. Bg3 Bd5 53. Be1 Kg6 54. Nf1 Nh5+ 55. Kg4 e5 56. dxe5 dxe5 57. Ne3 Bc6 58. c4 e4 59. Kh3 bxc4 60. Nxc4 Kf5 61. Bd2 Bd7 62. Bg5 Be6 63. Ne3+ Ke5+ 64. Kg2 Bb3 65. Kf2 Kd4 66. Ng2 Bc4 67. Nf4 Nxf4 68. Bxf4 1/2-1/2

[Event "Gibraltar Masters 8th"]
[Site "Caleta"]
[Date "2010.01.26"]
[Round "1"]
[White "Fokin, Sergey"]
[Black "Winkler, Stefan"]
[Result "1-0"]
[WhiteElo "2109"]
[BlackElo "1916"]
[PlyCount "63"]
[EventDate "2010.01.26"]
[EventType "swiss"]
[EventRounds "10"]
[EventCountry "GGB"]
[SourceTitle "CBM 134 Extra"]
[Source "ChessBase"]
[SourceDate "2010.03.03"]
[SourceVersion "1"]
[SourceVersionDate "2010.03.03"]
[SourceQuality "1"]

1. Nf3 Nf6 2. c4 e6 3. d4 Bb4+ 4. Nbd2 0-0 5. g3 d5 6. Qc2 Ne4 7. Bg2 f5 8. 0-0 Nd7 9. cxd5 exd5 10. Qb3 Bxd2 11. Qxd5+ Kh8 12. Bxd2 c6 13. Qb3 Nxd2 14. Nxd2 Nf6 15. Nf3 Nd5 16. Ne5 a5 17. Bxd5 cxd5 18. e3 g5 19. f4 g4 20. Rac1 Ra6 21. Rc5 Rb6 22. Qa3 Be6 23. Rf2 Bg8 24. Qxa5 Qd6 25. Qc3 Qd8 26. Rc7 Be6 27. b3 Kg8 28. h3 Rf6 29. Rc2 gxh3 30. Kh2 Kh8 31. Qa5 Ra6 32. Rxh7+ 1-0

[Event "Ekaterinburg 06"]
[Site "Ekaterinburg"]
[Date "2009.06.??"]
[Round "2"]
[White "Fokin, Sergey"]
[Black "Kaliberda, Vladimir"]
[Result "0-1"]
[WhiteElo "2155"]
[BlackElo "2308"]
[PlyCount "68"]
[EventDate "2009.06.06"]
[EventType "tourn"]
[EventRounds "11"]
[EventCountry "RUS"]
[EventCategory "1"]
[SourceTitle "EXT 2022"]
[Source "ChessBase"]
[SourceDate "2021.10.06"]
[SourceVersion "1"]
[SourceVersionDate "2021.10.06"]
[SourceQuality "1"]

1. Nf3 d5 2. c4 d4 3. g3 Nc6 4. Bg2 e5 5. 0-0 Nf6 6. b4 e4 7. Ng5 Bxb4 8. Nxe4 Nxe4 9. Bxe4 Bh3 10. Qa4 Bxf1 11. Bxc6+ bxc6 12. Qxc6+ Kf8 13. Kxf1 h5 14. h4 Rh6 15. Qf3 d3 16. Qxd3 Qxd3 17. exd3 Rd6 18. Nc3 Bxc3 19. dxc3 Rxd3 20. Bf4 Rxc3 21. Bxc7 Rxc4 22. Be5 f6 23. Bf4 Ra4 24. a3 Kf7 25. Ke1 Re8+ 26. Kd2 Rd4+ 27. Kc3 Rd5 28. Kc2 Re2+ 29. Kc3 Kg6 30. f3 Rb5 31. Kd4 Rb3 32. a4 Rxf3 33. Rb1 Ra3 34. a5 Rxa5 0-1

[Event "Ekaterinburg 06"]
[Site "Ekaterinburg"]
[Date "2009.06.??"]
[Round "10"]
[White "Fokin, Sergey"]
[Black "Orekhov, Evgeny"]
[Result "0-1"]
[WhiteElo "2155"]
[BlackElo "2467"]
[PlyCount "56"]
[EventDate "2009.06.06"]
[EventType "tourn"]
[EventRounds "11"]
[EventCountry "RUS"]
[EventCategory "1"]
[SourceTitle "EXT 2022"]
[Source "ChessBase"]
[SourceDate "2021.10.06"]
[SourceVersion "1"]
[SourceVersionDate "2021.10.06"]
[SourceQuality "1"]

1. d4 d5 2. c4 e6 3. Nc3 Nf6 4. Nf3 c6 5. Bg5 dxc4 6. e3 b5 7. a4 Bb4 8. Nd2 Bb7 9. axb5 Bxc3 10. bxc3 cxb5 11. Qb1 Qd7 12. Bxf6 gxf6 13. Ne4 Bxe4 14. Qxe4 Qd5 15. Qxd5 exd5 16. g3 Nd7 17. Bg2 Nb6 18. e4 0-0 19. exd5 Rfd8 20. 0-0 Nxd5 21. Ra5 Nxc3 22. Bxa8 Rxa8 23. Rfa1 b4 24. Rxa7 Rxa7 25. Rxa7 b3 26. Rb7 Ne2+ 27. Kf1 Nxd4 28. Ke1 c3 0-1

[Event "Ekaterinburg 06"]
[Site "Ekaterinburg"]
[Date "2009.06.??"]
[Round "11"]
[White "Kozlov, Oleg"]
[Black "Fokin, Sergey"]
[Result "1-0"]
[WhiteElo "2236"]
[BlackElo "2155"]
[PlyCount "57"]
[EventDate "2009.06.06"]
[EventType "tourn"]
[EventRounds "11"]
[EventCountry "RUS"]
[EventCategory "1"]
[SourceTitle "EXT 2022"]
[Source "ChessBase"]
[SourceDate "2021.10.06"]
[SourceVersion "1"]
[SourceVersionDate "2021.10.06"]
[SourceQuality "1"]

1. d4 Nf6 2. Nf3 g6 3. Bg5 Bg7 4. Nbd2 d5 5. c3 h6 6. Bxf6 Bxf6 7. e4 dxe4 8. Nxe4 Bg7 9. Bc4 0-0 10. h4 h5 11. Nfg5 Bg4 12. Qb3 e6 13. Qxb7 Nd7 14. f3 Bf5 15. 0-0-0 Nb6 16. Bb3 Qe7 17. Ng3 a5 18. Nxf5 gxf5 19. g4 a4 20. Bc2 a3 21. b3 hxg4 22. fxg4 f6 23. Nh3 fxg4 24. Nf4 Bh6 25. Qe4 e5 26. Rdf1 Qg7 27. Rhg1 Bxf4+ 28. Rxf4 exf4 29. Rxg4 1-0

[Event "Ekaterinburg 06"]
[Site "Ekaterinburg"]
[Date "2009.06.??"]
[Round "3"]
[White "Samartsev, Alexander"]
[Black "Fokin, Sergey"]
[Result "1-0"]
[WhiteElo "2307"]
[BlackElo "2155"]
[PlyCount "29"]
[EventDate "2009.06.06"]
[EventType "tourn"]
[EventRounds "11"]
[EventCountry "RUS"]
[EventCategory "1"]
[SourceTitle "EXT 2022"]
[Source "ChessBase"]
[SourceDate "2021.10.06"]
[SourceVersion "1"]
[SourceVersionDate "2021.10.06"]
[SourceQuality "1"]

1. d4 Nf6 2. Nf3 g6 3. g3 Bg7 4. Bg2 0-0 5. c4 c5 6. 0-0 cxd4 7. Nxd4 Nc6 8. Nc3 a6 9. c5 Qc7 10. Nb3 Rd8 11. Bf4 e5 12. Bg5 Ne7 13. Qd6 Qxd6 14. cxd6 Nf5 15. Nd5 1-0

[Event "Moscow op-B"]
[Site "Moscow"]
[Date "2009.02.03"]
[Round "4"]
[White "Fokin, Sergey"]
[Black "Vyatkin, Aleksandr1111"]
[Result "1-0"]
[WhiteElo "2142"]
[BlackElo "1400"]
[PlyCount "77"]
[EventDate "2009.01.31"]
[EventType "swiss"]
[EventRounds "9"]
[EventCountry "RUS"]
[SourceTitle "EXT 2012"]
[Source "ChessBase"]
[SourceDate "2011.11.24"]
[SourceVersion "1"]
[SourceVersionDate "2011.11.24"]
[SourceQuality "1"]

1. d4 d5 2. c4 dxc4 3. Nf3 Nf6 4. e3 e6 5. Bxc4 c5 6. 0-0 Be7 7. dxc5 Bxc5 8. Qxd8+ Kxd8 9. a3 Ke7 10. b4 Bd6 11. Bb2 a5 12. b5 b6 13. Nbd2 Bb7 14. Be2 Nbd7 15. Nc4 Bc5 16. Nd4 Rac8 17. Rac1 Rc7 18. Nb3 Rhc8 19. Nxc5 Rxc5 20. a4 Nd5 21. Rfd1 R5c7 22. e4 Nb4 23. f3 g6 24. Bd4 f5 25. Be3 fxe4 26. fxe4 Bxe4 27. Rd4 Bf5 28. g4 e5 29. Bg5+ Kf8 30. Rd6 Bc2 31. Rf1+ Kg7 32. Re6 Nc5 33. Rxe5 Nxa4 34. Nd6 Bb3 35. Nxc8 Rxc8 36. Re7+ Kg8 37. Bh6 Nd5 38. Rg7+ Kh8 39. Ra7 1-0

[Event "Calvia Amateur op 4th"]
[Site "Calvia"]
[Date "2007.10.14"]
[Round "9"]
[White "Chasovnikova, Eugenia"]
[Black "Fokin, Sergey"]
[Result "0-1"]
[WhiteElo "2197"]
[BlackElo "2143"]
[PlyCount "68"]
[EventDate "2007.10.06"]
[EventType "swiss"]
[EventRounds "9"]
[EventCountry "ESP"]
[SourceTitle "CBM 120 Extra"]
[Source "ChessBase"]
[SourceDate "2007.11.01"]
[SourceVersion "1"]
[SourceVersionDate "2007.11.01"]
[SourceQuality "1"]

1. Nf3 c5 2. c4 Nf6 3. Nc3 e6 4. e4 Nc6 5. Bd3 d6 6. 0-0 Be7 7. Bc2 e5 8. h3 0-0 9. Nd5 Nxd5 10. exd5 Nb4 11. Bb1 Bd7 12. a3 Na6 13. Re1 f5 14. d4 cxd4 15. b4 Bf6 16. c5 e4 17. c6 d3 18. Bg5 Bxg5 19. Nxg5 Qxg5 20. cxd7 Rad8 21. f3 Qf6 22. Ra2 Qd4+ 23. Kh1 Rxd7 24. fxe4 fxe4 25. Qg4 Rdf7 26. Rd2 Rf1+ 27. Rxf1 Rxf1+ 28. Kh2 Qg1+ 29. Kg3 Rf3+ 30. Kh4 Qe1+ 31. g3 Qxd2 32. Qxe4 Qh6+ 33. Kg4 Re3 34. Qc4 Qg6+ 0-1

[Event "Calvia Amateur op 4th"]
[Site "Calvia"]
[Date "2007.10.11"]
[Round "6"]
[White "Monmeneu Chulia, Victor J"]
[Black "Fokin, Sergey"]
[Result "0-1"]
[WhiteElo "2197"]
[BlackElo "2143"]
[PlyCount "88"]
[EventDate "2007.10.06"]
[EventType "swiss"]
[EventRounds "9"]
[EventCountry "ESP"]
[SourceTitle "CBM 120 Extra"]
[Source "ChessBase"]
[SourceDate "2007.11.01"]
[SourceVersion "1"]
[SourceVersionDate "2007.11.01"]
[SourceQuality "1"]

1. e4 c5 2. Nc3 Nc6 3. g3 g6 4. Bg2 Bg7 5. d3 d6 6. f4 Nf6 7. Nf3 0-0 8. 0-0 Rb8 9. h3 b5 10. Be3 b4 11. Ne2 Nd7 12. Qc1 Nb6 13. g4 Ba6 14. Rf2 Qd7 15. f5 Rfc8 16. Bh6 Bh8 17. h4 d5 18. h5 dxe4 19. dxe4 Bxe2 20. Rxe2 Nd4 21. Re1 Nxf3+ 22. Bxf3 Qd4+ 23. Be3 Qxb2 24. Qxb2 Bxb2 25. Rad1 Nc4 26. Bf4 Be5 27. Be2 Bxf4 28. Bxc4 gxh5 29. Rd7 Rc7 30. Rxc7 Bxc7 31. gxh5 Be5 32. Kf2 Kg7 33. Kf3 Kf6 34. Rg1 h6 35. Rg2 a5 36. Rd2 Bd4 37. Rg2 a4 38. Rd2 a3 39. Bb3 Rf8 40. Rg2 Bc3 41. Kf4 Rd8 42. Re2 Rd4 43. Bd5 Rxd5 44. exd5 c4 0-1

[Event "Calvia Amateur op 4th"]
[Site "Calvia"]
[Date "2007.10.09"]
[Round "4"]
[White "Fokin, Sergey"]
[Black "Cruz Alvarez de Ron, Dan"]
[Result "1/2-1/2"]
[WhiteElo "2143"]
[BlackElo "2231"]
[PlyCount "31"]
[EventDate "2007.10.06"]
[EventType "swiss"]
[EventRounds "9"]
[EventCountry "ESP"]
[SourceTitle "CBM 120 Extra"]
[Source "ChessBase"]
[SourceDate "2007.11.01"]
[SourceVersion "1"]
[SourceVersionDate "2007.11.01"]
[SourceQuality "1"]

1. Nf3 c5 2. c4 Nf6 3. d4 cxd4 4. Nxd4 e5 5. Nb5 d5 6. cxd5 Bc5 7. e3 0-0 8. N5c3 e4 9. Be2 Re8 10. Nd2 Bb4 11. Qb3 Bxc3 12. bxc3 Qxd5 13. Qxd5 Nxd5 14. Bb2 Nc6 15. 0-0-0 Nb6 16. Nb3 1/2-1/2

[Event "Ekaterinburg 07"]
[Site "Ekaterinburg"]
[Date "2007.07.26"]
[Round "10"]
[White "Kharous, Ernest"]
[Black "Fokin, Sergey"]
[Result "1-0"]
[WhiteElo "2373"]
[BlackElo "2201"]
[PlyCount "53"]
[EventDate "2007.07.20"]
[EventType "tourn"]
[EventRounds "11"]
[EventCountry "RUS"]
[EventCategory "1"]
[SourceTitle "EXT 2022"]
[Source "ChessBase"]
[SourceDate "2021.10.06"]
[SourceVersion "1"]
[SourceVersionDate "2021.10.06"]
[SourceQuality "1"]

1. e4 c5 2. Nf3 e6 3. d4 cxd4 4. Nxd4 a6 5. Bd3 Bc5 6. Nb3 Ba7 7. Qe2 d6 8. Be3 Nf6 9. Bxa7 Rxa7 10. Nc3 b5 11. 0-0 e5 12. Qe3 Re7 13. Rad1 0-0 14. h3 Bb7 15. f4 Nbd7 16. a3 exf4 17. Qxf4 Ne5 18. Kh1 Qa8 19. Rde1 Nxd3 20. cxd3 d5 21. e5 Ne8 22. d4 Nc7 23. Qh4 Re6 24. Nc5 Rh6 25. Qe7 Rc6 26. Nd7 Ne6 27. Nxf8 1-0

[Event "Ekaterinburg 07"]
[Site "Ekaterinburg"]
[Date "2007.07.25"]
[Round "9"]
[White "Fokin, Sergey"]
[Black "Pogosian, Vladimir"]
[Result "0-1"]
[WhiteElo "2201"]
[BlackElo "2175"]
[PlyCount "86"]
[EventDate "2007.07.20"]
[EventType "tourn"]
[EventRounds "11"]
[EventCountry "RUS"]
[EventCategory "1"]
[SourceTitle "EXT 2022"]
[Source "ChessBase"]
[SourceDate "2021.10.06"]
[SourceVersion "1"]
[SourceVersionDate "2021.10.06"]
[SourceQuality "1"]

1. d4 d5 2. c4 e6 3. Nc3 c6 4. e3 Nd7 5. Nf3 Bd6 6. Bd3 f5 7. 0-0 Nh6 8. h3 Qf6 9. b3 a6 10. Bb2 g5 11. Ne2 g4 12. hxg4 Nxg4 13. g3 h5 14. Kg2 h4 15. Rh1 h3+ 16. Kg1 Qh6 17. Nh2 Ndf6 18. Bc1 Nxh2 19. Rxh2 Ng4 20. e4 Qh7 21. exf5 Nxh2 22. Kxh2 Qg7 23. fxe6 Bxe6 24. Bf4 0-0-0 25. Bxd6 Rxd6 26. Nf4 Bd7 27. cxd5 cxd5 28. Be2 Rf8 29. Bf3 Qh6 30. Qd2 Kb8 31. Re1 Rdf6 32. Bxd5 Rxf4 33. gxf4 Qh4 34. Rg1 Rxf4 35. Rg3 Qf6 36. f3 Rxd4 37. Qg5 Qd6 38. Be4 Rd2+ 39. Kh1 Rxa2 40. Qd5 Qc7 41. f4 Bc8 42. Qe5 Qxe5 43. fxe5 Re2 0-1

[Event "Ekaterinburg 07"]
[Site "Ekaterinburg"]
[Date "2007.07.23"]
[Round "5"]
[White "Kaliberda, Vladimir"]
[Black "Fokin, Sergey"]
[Result "1-0"]
[WhiteElo "2337"]
[BlackElo "2201"]
[PlyCount "43"]
[EventDate "2007.07.20"]
[EventType "tourn"]
[EventRounds "11"]
[EventCountry "RUS"]
[EventCategory "1"]
[SourceTitle "EXT 2022"]
[Source "ChessBase"]
[SourceDate "2021.10.06"]
[SourceVersion "1"]
[SourceVersionDate "2021.10.06"]
[SourceQuality "1"]

1. d4 Nf6 2. c4 c5 3. d5 e6 4. Nc3 exd5 5. cxd5 Bd6 6. g3 Bc7 7. d6 Ba5 8. Bg2 0-0 9. Nh3 Nc6 10. Be3 b6 11. 0-0 Bb7 12. Nd5 Nxd5 13. Bxd5 Qb8 14. Qa4 Qxd6 15. Rad1 Qc7 16. Qh4 g6 17. Ng5 h5 18. Bf4 Qc8 19. Nxf7 Rxf7 20. Qg5 Qf8 21. Qxg6+ Qg7 22. Bxf7+ 1-0

[Event "Alapaevsk Neiva"]
[Site "Alapaevsk"]
[Date "2007.05.27"]
[Round "4"]
[White "Fokin, Sergey"]
[Black "Pakhomov, Alexey"]
[Result "0-1"]
[WhiteElo "2238"]
[BlackElo "2449"]
[PlyCount "86"]
[EventDate "2007.05.27"]
[EventType "tourn"]
[EventRounds "13"]
[EventCountry "RUS"]
[EventCategory "1"]
[SourceTitle "EXT 2008"]
[Source "ChessBase"]
[SourceDate "2007.11.25"]
[SourceVersion "1"]
[SourceVersionDate "2007.11.25"]
[SourceQuality "1"]

1. Nf3 c5 2. g3 Nc6 3. d4 cxd4 4. Nxd4 g6 5. Bg2 Bg7 6. Nb3 d6 7. 0-0 Nf6 8. Nc3 Be6 9. e4 Qd7 10. Nd5 0-0 11. Nf4 Bc4 12. Re1 e6 13. Be3 Rfd8 14. Nd2 Ba6 15. Rb1 Ne5 16. h3 b6 17. Ne2 Rac8 18. b3 Qc7 19. f4 Ned7 20. c4 Bb7 21. Nc3 a6 22. Rc1 Qb8 23. Qe2 Bc6 24. g4 h6 25. Bf3 Nc5 26. b4 Ncd7 27. Bf2 g5 28. fxg5 hxg5 29. h4 Ne5 30. hxg5 Nh7 31. Be3 Nf8 32. Kg2 Nfg6 33. Rh1 Qb7 34. Kg3 b5 35. Nd5 exd5 36. exd5 Be8 37. c5 Qe7 38. Ne4 Nxf3 39. Qxf3 Qe5+ 40. Kg2 dxc5 41. bxc5 Qxd5 42. Kg3 Be5+ 43. Kg2 Bc6 0-1